LEADER 01507nam0 22003371i 450 001 SUN0012661 005 20061013120000.0 010 $a88-13-20748-4 020 $aIT$b98 8561 100 $a20030207d1998 |0itac50 ba 101 $aita 102 $aIT 105 $a|||| ||||| 200 1 $aˆI ‰fondi di previdenza e di assistenza complementare$fa cura di Giovanni Iudica$gcon contributi di Roberto Artoni ... [et al.] 210 $aPadova$cCEDAM$d1998 215 $aXVI, 366 p.$d22 cm. 410 1$1001SUN0009420$12001 $aAntologia$v8$1210 $aPadova$cCEDAM. 606 $aFondi pensione$2FI$3SUNC004271 620 $dPadova$3SUNL000007 676 $a332.67254$v21 702 1$aIudica$b, Giovanni$3SUNV000425 702 1$aArtoni$b, Roberto$3SUNV002116 712 $aCEDAM$3SUNV005537$4650 801 $aIT$bSOL$c20181109$gRICA 912 $aSUN0012661 950 $aUFFICIO DI BIBLIOTECA DEL DIPARTIMENTO DI GIURISPRUDENZA$d00 CONS VI.G.14 $e00 14089 950 $aUFFICIO DI BIBLIOTECA DEL DIPARTIMENTO DI GIURISPRUDENZA$d00 CONS VI.G.14 bis $e00 20024 995 $aUFFICIO DI BIBLIOTECA DEL DIPARTIMENTO DI GIURISPRUDENZA$h14089$kCONS VI.G.14$op$qa 995 $aUFFICIO DI BIBLIOTECA DEL DIPARTIMENTO DI GIURISPRUDENZA$h20024$kCONS VI.G.14 bis$op$qa 996 $aFondi di previdenza e di assistenza complementare$9661386 997 $aUNICAMPANIA LEADER 01498nam 2200349Ia 450 001 996394691703316 005 20221108045804.0 035 $a(CKB)3810000000008622 035 $a(EEBO)2240874538 035 $a(OCoLC)9959598700971 035 $a(EXLCZ)993810000000008622 100 $a20050929d1553 uy 0 101 0 $aeng 135 $aurbn||||a|bb| 200 00$a[Printer's device of boys throwing stones at a tree laden with fruit, with blank scroll in the branches, the whole enclosed in a wreath]$b[electronic resource] 210 $aExcusum Londini, $cApud Regiunaldum Wolfium, regiae maiestatis in Latinis typos-graphum$dAnno Domini M.D.LIII. [1553] 215 $a[1] leaf $cill 300 $aTitle supplied by cataloger. 300 $aPossibly from William Lily, "A shorte introduction of grammar generally to be vsed compiled and sette forth for the bringyng vp of all those that intende to attaine the knowledge of the Latine tongue. 1553." 300 $aReproduction of original in the British Library. 330 $aeebo-0018 606 $aPrinters' marks$zEngland 615 0$aPrinters' marks 701 $aLily$b William$f1468?-1522.$0841046 701 $aWolfe$b Reginald$01012737 801 0$bUMI 801 1$bUMI 801 2$bUMI 906 $aBOOK 912 $a996394691703316 996 $aPrinter's device of boys throwing stones at a tree laden with fruit, with blank scroll in the branches, the whole enclosed in a wreath$92352582 997 $aUNISA